The management of small woods. One day conference in conjunction with the Royal Forestry Society of England, Wales and N.Ireland, at RICS 10 November 1983 (Record no. 88535)

MARC details
000 -LEADER
fixed length control field 00687cam a2200193 4500
001 - CONTROL NUMBER
control field D15658
008 - FIXED-LENGTH DATA ELEMENTS--GENERAL INFORMATION
fixed length control field 090401t1983 xxu||||| |||| 00| 0 eng d
035 ## - SYSTEM CONTROL NUMBER
System control number (Sirsi) u24383
041 ## - LANGUAGE CODE
Language code of text/sound track or separate title eng
050 ## - LIBRARY OF CONGRESS CALL NUMBER
Classification number 634.928
110 ## - MAIN ENTRY--CORPORATE NAME
Corporate name or jurisdiction name as entry element Royal Institution of Chartered Surveyors
9 (RLIN) 4900
245 #4 - TITLE STATEMENT
Title The management of small woods. One day conference in conjunction with the Royal Forestry Society of England, Wales and N.Ireland, at RICS 10 November 1983
260 ## - PUBLICATION, DISTRIBUTION, ETC.
Place of publication, distribution, etc. London
Name of publisher, distributor, etc. Surveyors Technical Services
Date of publication, distribution, etc. 1983
350 ## - PRICE (NR) (BK AM CF MU VM SE) [OBSOLETE]
Price 0
520 ## - SUMMARY, ETC.
Summary, etc. Filed in box RICS 1983/38 ABC ;2 papers and 1 synopsis
710 ## - ADDED ENTRY--CORPORATE NAME
Corporate name or jurisdiction name as entry element Land Agency and Agriculture Division
9 (RLIN) 773
942 ## - ADDED ENTRY ELEMENTS (KOHA)
Suppress in OPAC 0
948 ## - LOCAL PROCESSING INFORMATION (OCLC); SERIES PART DESIGNATOR (RLIN)
c (OCLC) 04/03/1997
Holdings
Withdrawn status Lost status Source of classification or shelving scheme Damaged status Not for loan Home library Current library Shelving location Date acquired Total Checkouts Full call number Barcode Date last seen Copy number Price effective from Koha item type
    Other/Generic Classification Scheme     London London RICS Boxes 12/08/1991   RICS 1983/38 30009336 06/08/2019 1 06/08/2019 Book
    Other/Generic Classification Scheme     London London RICS Boxes 14/09/1999   RICS 1983/38 30009337 06/08/2019 2 06/08/2019 Reference material
    Other/Generic Classification Scheme     London London RICS Boxes 08/01/1992   RICS 1983/38 30024867 06/08/2019 3 06/08/2019 Archive